| 000 | 00402nam a22001337a 4500 | ||
|---|---|---|---|
| 082 |
_a621.3 _bTAY _cL-10, P-10 |
||
| 100 |
_aTaylor, E. Openshaw _941229 |
||
| 245 |
_aDistribution and utilization of electricity _cTaylor, E. Openshaw |
||
| 260 |
_aLondon, Glasgow _bblackie & son |
||
| 300 |
_a162 p. _bill. _c19 cm. |
||
| 526 |
_a0 _b0 _c0 _d621_300000000000000_TAY |
||
| 650 |
_aMCE _9379 |
||
| 942 |
_2ddc _cBK |
||
| 999 |
_c545412 _d545412 |
||